Statistics for all terraria corruption enemies

Click here to take the quiz!

General Stats

  • This quiz has been taken 4 times
  • The average score is 7 of 14

Answer Stats

Enemies% Correct
devourer
100%
eater of souls
100%
eater of worlds
100%
corruptor
75%
slimer
75%
clinger
50%
corrupt slime
50%
world feeder
50%
corrupt goldfish
25%
corrupt mimic
25%
dark mummy
25%
slimeling
25%
corruption pigron
0%
Cursed hammer
0%

Score Distribution

Percentile by Number Answered

Percent of People with Each Score

Your Score History

You have not taken this quiz